• 首页
  • 本馆介绍
  • 公告通知
  • 最新文献
  • 馆藏检索
  • 电子资源
  • 读者导购
  • 参考咨询
  • 我的图书馆
  • 登录
  • 详细信息显示
  • 放入我的书架
  • 预约/预借图书
  • 作者相关作品
  • 分类相关作品
  • 丛书相关作品
  • 出版社相关作品

书目信息

  • 表格格式
  • 工作单格式
  • 卡片格式
书名: Existing
作者: edited by Steven Luper.
分册号:
分册名:
出版地: Mountain View, Calif. :
 
出版社: Mayfield Pub
出版时间: c2000.
页数: viii, 456 p. ;
开本: 24 cm.
丛书名:
中图分类号:
科图分类号:
其他分类号: B08
主题词:
电子资源: http://www.loc.gov/catdir/toc/mh023/98052827.html      http://www.loc.gov/catdir/description/mh024/98052827.html     
000 01174cam a22003134a 450
001 E0733755906
005 20070320170013.51
008 981118s2000 cau b 000 0 eng
010    @a98052827
020    @a0767405870.
035    @A(DLC) 98052827
040    @aDLC@cDLC@dDLC
042    @apcc
050 00 @aB819@b.E95 2000
082 00 @a142/.78@2 21
090    @aB08
099    @dB08@ex4
245 00 @aExisting :@ban introduction to existential thought / @cedited by Steven Luper.
260    @aMountain View, Calif. :@bMayfield Pub.,@cc2000.
300    @aviii, 456 p. ;@c24 cm.
504    @aIncludes bibliographical references.
650  0 @aExistentialism.
700 1  @aLuper, Steven.
856 41 @3 Table of contents@uhttp://www.loc.gov/catdir/toc/mh023/98052827.html
856 42 @3 Publisher description@uhttp://www.loc.gov/catdir/description/mh024/98052827.html
906    @a7@bcbc@corignew@d1@eocip@f19@gy-gencatlg
925 0  @aacquire@b1 shelf copy@xpolicy default
955    @apc14 to sa00 11-19-98; sh21 11-19-98; sh06 12-01-98; sh38 12-02-98; bk rec’d, to CIP ver. pv08 12-07-99; CIP ver. sh17 12-14-99; sh42 to BCCD 12-21-99
984    @agsl
    
    Existing : : an introduction to existential thought / / edited by Steven Luper.-Mountain View, Calif. : : Mayfield Pub., , c2000.
    viii, 456 p. ; ; 24 cm.
    Includes bibliographical references.
    
    ISBN 0767405870.
    
●
相关链接 在E读中查询图书 在五车中查询图书 在当当中查询图书 在豆瓣中查询图书


正题名:Existing     索取号:B08/x4         预约/预借

序号 登录号 条形码 馆藏地/架位号 状态 备注
1 0002759   300027593   第二样本阅览室/ [索取号:B08/x4] 在馆    
2 0002972   300029724   第四借阅区/ [索取号:B08/x4] 在馆    
3 0003426   300034264   第四借阅区/ [索取号:B08/x4] 在馆    
唐山师范学院图书馆 欢迎您!
大连网信软件有限公司© 版权所有